| 000 | 00681nam a22001937a 4500 | ||
|---|---|---|---|
| 003 | EC-GqESP | ||
| 005 | 20260409090723.0 | ||
| 008 | 260409b |||||||| |||| 00| 0 eng d | ||
| 041 | _aspa | ||
| 082 |
_a330.05 _pUNI |
||
| 110 | _aUniversidad Politécnica Salesiana del Ecuador | ||
| 245 | _aRetos : revista de ciencias de la administración y economía | ||
| 260 |
_aCuenca, Ecuador _bUniversidad Politécnica Salesiana : Abya-Yala _c2008 |
||
| 300 |
_aAño 1, no. 2 ; páginas 96-186 _c24 cm. _bilustraciones |
||
| 500 | _6https://retos.ups.edu.ec/index.php/retos/issue/view/78 | ||
| 504 | _aIncluye referencia bibliográfica | ||
| 650 | _aMicrocrédito | ||
| 942 |
_c01 _2ddc |
||
| 999 |
_c238311 _d238311 |
||